00380nam a22001337a 4500008004100000040001800041041000800059100002600067245003700093260005300130300001800183500002100201650002400222130821s1927 fr gr fre  aCo-BoUCMbspa00afre aStendhal, Henry Beyle00aDe L'AmourcHenry Beyle Stendhal aParís (Francia)bLe Divanc[fecha desconocida] a2 volúmenes aIncluye índice04aLiteratura francesa